000 00583nam a2200193Ia 4500
003 GCL
008 140319s9999 xx 000 0 ara d
040 _aGCL /
_cGCL
082 0 4 _aم
_b912
_bم أ
100 1 _aمكتبة الصغار
245 1 0 _aاطلس الطالب: اطلس جغرافى مصور /
_cمكتبة الصغار
300 _a232 ص
490 _aالهيئة العامة للاستعلامات
_v0
650 0 4 _aالجغرافيا
650 0 4 _aالخرائط
650 0 4 _aالاطالس
650 0 4 _aالاطالس التاريخية
942 _2ddc
_cBK
999 _c52041
_d52041